000 01034nas a2200277 4500
001 BR8600555
003 BR-BrBNA
005 20231205090331.0
007 ta
008 230509b bl.|||p| |||| 00| 00por d
040 _aBR-BrBNA
_bpor
_cBiblioteca Nacional de Agricultura
041 _a(Pt)
072 _aF04
100 1 _aPortela, M.C.L. da
100 1 _aDefelipo, B.V.
100 1 _aBraga, J.M.
100 1 _aRibeiro, A.C.
245 1 _aNecessidade de calagem da cultura do feijao, em solos da microrregiao Mata de Vicosa, Minas Gerais. Experimento em casa de vegetacao
_bParte de tese
246 1 _aLiming requirements for beans (Phaseolus vulgaris L.), in soils of the microrregiao Mata de Vicosa, Minas Gerais, as determined under greenhouse conditions
_bPart of thesis
650 _aFEIJAO
650 _aCALAGEM
650 _aMINAS GERAIS
773 0 _tRevista Ceres (Brazil)
_xISSN 0034-737X
_g(Jul-Aug 1985), v. 32(182) p. 271-282
_wBR8600555
909 _a202311
_bLúcia
_c55
_dLúcia Elande
942 _2AGRIS
_n0
_cANA
999 _c117692
_d117692